Industrial relations : (Record no. 58922)

MARC details
000 -LEADER
fixed length control field 01036nam a22002897a 4500
005 - DATE AND TIME OF LATEST TRANSACTION
control field 20111202120425.0
008 - FIXED-LENGTH DATA ELEMENTS--GENERAL INFORMATION
fixed length control field 111202t xxu||||| |||| 00| 0 eng d
010 ## - LCCN (DPL NO)
LC control number ENG-104280
020 ## - INTERNATIONAL STANDARD BOOK NUMBER
International Standard Book Number 9780071333733
Terms of availability 485.00
020 ## - INTERNATIONAL STANDARD BOOK NUMBER
International Standard Book Number 0071333738
Terms of availability 485.00
035 ## - SYSTEM CONTROL NUMBER
System control number EN-87813
037 ## - SOURCE OF ACQUISITION
Source of stock number/acquisition DBAD/PUB
040 ## - CATALOGING SOURCE
Original cataloging agency DPL
Language of cataloging Eng
082 ## - DEWEY DECIMAL CLASSIFICATION NUMBER
Classification number 331.0994
100 ## - MAIN ENTRY--PERSONAL NAME
9 (RLIN) 36352
245 ## - TITLE STATEMENT
Title Industrial relations :
Statement of responsibility, etc by Mark Bray ... [et al]
Remainder of title a contemporary approach /
250 ## - EDITION STATEMENT
Edition statement 3rd ed
260 ## - PUBLICATION, DISTRIBUTION, ETC. (IMPRINT)
Place of publication, distribution, etc New Delhi
Name of publisher, distributor, etc Tata McGraw Hill
Date of publication, distribution, etc 2011
270 ## - ADDRESS
Address 7 West Patel Nagar
City New Delhi
Postal code 110008
300 ## - PHYSICAL DESCRIPTION
Extent xxiii,424p.
Dimensions 24cm(pbk)
500 ## - GENERAL NOTE
General note includes bibliographical references and index
650 ## - SUBJECT ADDED ENTRY--TOPICAL TERM
9 (RLIN) 36353
Topical term or geographic name as entry element Industrial relations
Geographic subdivision Australia
700 ## - ADDED ENTRY--PERSONAL NAME
Personal name Bray, Mark
9 (RLIN) 36394
700 ## - ADDED ENTRY--PERSONAL NAME
Personal name Choudhury, Roy Purba
9 (RLIN) 36433
942 ## - ADDED ENTRY ELEMENTS (KOHA)
Source of classification or shelving scheme Dewey Decimal Classification
Item type English Books
Call number suffix IND
Classification part 331.0994
Holdings
Withdrawn status Lost status Source of classification or shelving scheme Damaged status Not for loan Collection code Home library Current library Date acquired Source of acquisition Cost, normal purchase price Total Checkouts Full call number Barcode Date last seen Copy number Cost, replacement price Koha item type
    Dewey Decimal Classification   Not For Loan Non-fiction D.B.Act.Division D.B.Act.Division 02/12/2011 DBAD/PUB 485.00   331.0994 IND EN-87813 02/12/2011 1 485.00 English Books

© Delhi Public Library
Hit Counter
free hit counter